Santo Tomás de Auino: Límites y paertura de la razón humana (Record no. 220325)
[ view plain ]
| 000 -CABECERA | |
|---|---|
| Campo de control de longitud fija | 00534naa a22001217u 4500 |
| 008 - CÓDIGOS DE INFORMACIÓN DE LONGITUD FIJA | |
| Campo de control de longitud fija | 130517b1992 xxu||||| |||| 00| 0 spa d |
| 040 ## - FUENTE DE LA CATALOGACIÓN | |
| Centro catalogador del origen | SPA |
| 100 1# - PUNTO DE ACCESO PRINCIPAL-NOMBRE DE PERSONA | |
| Nombre de persona | Manso Pérez, Francisco |
| 9 (RLIN) | 7860 |
| 245 00 - MENCIÓN DE TÍTULO | |
| Título | Santo Tomás de Auino: Límites y paertura de la razón humana |
| 300 ## - DESCRIPCIÓN FÍSICA | |
| Extensión | 373-380 p. |
| Dimensiones | 21 cm. |
| 773 0# - ENLACE AL DOCUMENTO FUENTE | |
| Título | Actas del I Congreso Nacional de Filosofía Medieval |
| Encabezamiento principal | AYALA MARTÍNEZ, Jorge M.;BARCELÓ, José María; SÁNCHEZ, Alberto |
| Lugar, editor y fecha de publicación | Zaragoza,Sociedad de Filosofía Medieval,1992, |
| Parte(s) relacionada(s) | págs. 373-380 |
| Número Internacional Normalizado para Libros (ISBN) | 84-87007-75-9, |
| Número de control del registro relacionado | 68573 |
| 942 ## - ENTRADA DE ELEMENTOS AGREGADOS (KOHA) | |
| Koha [por defecto] tipo de item | Artículo de colaboración |
| Suprimido | Perdido | Estropeado | No para préstamo | Localización permanente | Localización actual | Localización en estantería | Fecha adquisición | Préstamos totales | Signatura completa | Fecha última consulta | Fecha del precio de reemplazo | Tipo de item de Koha |
|---|---|---|---|---|---|---|---|---|---|---|---|---|
| San Esteban | San Esteban | Depósito de libros | 21/05/2013 | 101 CONG med 1 | 21/05/2013 | 21/05/2013 | Artículo de colaboración |
